00273nam a2200097Ia 4500008004100000082002200041100002100063245005700084260002400141300001000165210430s9999 xx 000 0 und d a621.312429 P979 C aJay T Pukrushpan aControl of Fuel Cell Power SystemscJay T Pukrushpan aUSAbSpringerc2005 a161p.